[Event "EU-ch U18"]
[Site "Prague"]
[Date "2012.08.22"]
[Round "6"]
[White "Balacek, Tadeas"]
[Black "Foster, James M"]
[Result "1-0"]
[WhiteElo "2178"]
[BlackElo "2037"]
[PlyCount "57"]
[EventDate "2012.08.17"]
[EventType "swiss"]
[EventRounds "9"]
[EventCountry "CZE"]
[SourceTitle "CBM 150 Extra"]
[Source "ChessBase"]
[SourceDate "2012.10.19"]
[SourceVersion "1"]
[SourceVersionDate "2012.10.19"]
[SourceQuality "1"]

1. d4 d5 2. c4 c6 3. Nf3 dxc4 4. g3 Nf6 5. Bg2 b5 6. 0-0 Bb7 7. a4 e6 8. Ne5 Qb6 9. e4 a6 10. Be3 Nbd7 11. Nc3 Rd8 12. Qe2 c5 13. a5 Qa7 14. Nxd7 Rxd7 15. d5 e5 16. f4 Bd6 17. fxe5 Bxe5 18. Rf5 Bd4 19. Rd1 Ng4 20. Bxd4 cxd4 21. Nxb5 axb5 22. Qxg4 0-0 23. Rg5 f5 24. Rxf5 Rxf5 25. Qxf5 Rf7 26. Qe6 d3+ 27. Kh1 Qe3 28. Rf1 Bxd5 29. Qe8+ 1-0

[Event "EU-ch U18"]
[Site "Prague"]
[Date "2012.08.20"]
[Round "4"]
[White "Foster, James M"]
[Black "Panainte, Daniel Iulian"]
[Result "1-0"]
[WhiteElo "2037"]
[BlackElo "2005"]
[PlyCount "117"]
[EventDate "2012.08.17"]
[EventType "swiss"]
[EventRounds "9"]
[EventCountry "CZE"]
[SourceTitle "CBM 150 Extra"]
[Source "ChessBase"]
[SourceDate "2012.10.19"]
[SourceVersion "1"]
[SourceVersionDate "2012.10.19"]
[SourceQuality "1"]

1. e4 e6 2. f4 d5 3. e5 c5 4. Nf3 Nc6 5. c3 Nh6 6. Na3 Nf5 7. Nc2 d4 8. Bd3 b6 9. Bxf5 exf5 10. cxd4 Qd5 11. Ne3 Qd7 12. dxc5 Bxc5 13. a3 Ba6 14. Qc2 Bd3 15. Qc3 Rc8 16. Nc4 Qd5 17. Ne3 Qd7 18. Nc4 Qd5 19. Ne3 Bxe3 20. dxe3 0-0 21. b4 Rfd8 22. Qd2 Qb3 23. Qb2 Qa4 24. Bd2 Ne7 25. Nd4 Nc6 26. Bc3 Nxd4 27. exd4 Qc6 28. Rc1 Qe4+ 29. Kd1 Qxf4 30. Qd2 Qg4+ 31. Ke1 Qe4+ 32. Kf2 f4 33. Rhe1 Qf5 34. Kg1 f3 35. gxf3 Rc6 36. Qf2 Rg6+ 37. Kh1 Rh6 38. Rg1 Be4 39. Rg3 Bd5 40. Bd2 Rh3 41. Kg2 Rxg3+ 42. hxg3 Qd3 43. Rc3 Qb1 44. Qe3 h6 45. Rc7 a6 46. Rc3 b5 47. Qe1 Qf5 48. Qe2 Bc4 49. Qf2 Qb1 50. g4 Qd1 51. Kg3 Qh1 52. Rc1 Qxc1 53. Bxc1 Rd7 54. f4 Rc7 55. f5 Bd3 56. Bd2 Rc6 57. f6 g5 58. Qh2 Kh7 59. Qf2 1-0

[Event "GBR-ch 99th"]
[Site "North Shields"]
[Date "2012.07.25"]
[Round "3"]
[White "Surtees, Michael"]
[Black "Foster, James M"]
[Result "0-1"]
[WhiteElo "2113"]
[BlackElo "2037"]
[PlyCount "112"]
[EventDate "2012.07.23"]
[EventType "swiss"]
[EventRounds "11"]
[EventCountry "ENG"]
[SourceTitle "CBM 149 Extra"]
[Source "ChessBase"]
[SourceDate "2012.08.24"]
[SourceVersion "1"]
[SourceVersionDate "2012.08.24"]
[SourceQuality "1"]

1. e4 e6 2. f4 d5 3. e5 Nh6 4. Nf3 Be7 5. a3 f6 6. d4 0-0 7. Bd3 c5 8. c3 f5 9. b4 cxd4 10. cxd4 Bd7 11. Nc3 Nc6 12. h3 Rc8 13. Qb3 Qb6 14. Ne2 Na5 15. Qb1 Nc4 16. g4 Be8 17. Kf2 Kh8 18. Kg2 Qc7 19. Ng3 Bg6 20. Ra2 Nb6 21. g5 Ng8 22. a4 Nc4 23. h4 Qb6 24. b5 a6 25. h5 Be8 26. Nxf5 exf5 27. Bxf5 Ra8 28. Bxh7 axb5 29. Bd3 b4 30. f5 b3 31. Rf2 Rxa4 32. f6 gxf6 33. exf6 Bxf6 34. gxf6 Nxf6 35. Bf4 Ng4 36. Bxc4 dxc4 37. Be5+ Nxe5 38. dxe5 Bc6 39. Rh3 Bxf3+ 40. Rhxf3 Rxf3 41. Rxf3 Ra2+ 42. Kg3 Qc5 43. Qe1 b2 44. Kh3 Ra3 45. Rxa3 Qxa3+ 46. Kg4 Qd3 47. e6 Qd4+ 48. Kf5 Qd5+ 49. Kg4 b1Q 50. Qxb1 Qxe6+ 51. Kg5 Qe5+ 52. Kg4 b5 53. Qb4 c3 54. Qf8+ Kh7 55. Kh4 Qe6 56. Kg3 Qg8+ 0-1

[Event "EU-ch U18"]
[Site "Albena"]
[Date "2011.09.12"]
[Round "2"]
[White "Foster, James M"]
[Black "Andreev, Sasho"]
[Result "1-0"]
[WhiteElo "2018"]
[BlackElo "2231"]
[PlyCount "97"]
[EventDate "2011.09.11"]
[EventType "swiss"]
[EventRounds "9"]
[EventCountry "BUL"]
[SourceTitle "CBM 144 Extra"]
[Source "ChessBase"]
[SourceDate "2011.10.28"]
[SourceVersion "1"]
[SourceVersionDate "2011.10.28"]
[SourceQuality "1"]

1. e4 c6 2. d4 d5 3. e5 Bf5 4. Ne2 e6 5. Ng3 Bg6 6. h4 h6 7. h5 Bh7 8. Bd3 Bxd3 9. cxd3 Qb6 10. Be3 Qxb2 11. Nd2 Qa3 12. Qe2 Ne7 13. 0-0 g6 14. hxg6 fxg6 15. Rfb1 b6 16. Qg4 Kd7 17. Rb3 Qa6 18. Ne2 h5 19. Qh3 Rg8 20. Nf1 Qc8 21. Nf4 Nf5 22. Ng3 Qe8 23. Nxf5 exf5 24. Rc1 Kd8 25. Qg3 Be7 26. Rbc3 g5 27. Ne6+ Kc8 28. Nxg5 Qg6 29. f4 a5 30. Qf2 Ra7 31. Qb2 Rb7 32. Qb3 Bb4 33. R3c2 Rd8 34. a3 Be7 35. Bd2 h4 36. Rb1 h3 37. Nxh3 Qg3 38. Be1 Qg4 39. Bxa5 Rh8 40. Qxd5 Rxh3 41. Rxc6+ Nxc6 42. Qxc6+ Kb8 43. Qe8+ Ka7 44. Bxb6+ Rxb6 45. Qd7+ Ka6 46. Qc8+ Ka7 47. Qc7+ Ka8 48. Qxb6 Bb4 49. Qxb4 1-0

[Event "World ol U16 09th"]
[Site "Burdur"]
[Date "2010.11.29"]
[Round "5"]
[White "Foster, James M"]
[Black "Janzelj, Tim"]
[Result "1-0"]
[WhiteElo "1953"]
[BlackElo "2025"]
[PlyCount "109"]
[EventDate "2010.11.27"]
[EventType "team-swiss"]
[EventRounds "10"]
[EventCountry "TUR"]
[SourceTitle "CBM 139 Extra"]
[Source "ChessBase"]
[SourceDate "2011.01.05"]
[SourceVersion "1"]
[SourceVersionDate "2011.01.05"]
[SourceQuality "1"]
[WhiteTeam "England"]
[BlackTeam "Slovenia"]
[WhiteTeamCountry "ENG"]
[BlackTeamCountry "SLO"]

1. e4 d6 2. d4 Nf6 3. Nc3 e5 4. dxe5 dxe5 5. Qxd8+ Kxd8 6. Bg5 Be6 7. Nf3 Nbd7 8. 0-0-0 Bd6 9. Bb5 h6 10. Bxd7 Bxd7 11. Bxf6+ gxf6 12. Nd5 f5 13. exf5 Bxf5 14. Ne3 Be6 15. Nxe5 Ke7 16. N5c4 Bc5 17. Nd5+ Kd7 18. Nf4+ Ke7 19. Nxe6 fxe6 20. Ne5 Rhg8 21. Nd3 Bd6 22. g3 Raf8 23. Rhe1 h5 24. Re2 Rg6 25. Rde1 Rf5 26. Re4 c6 27. R1e2 Bc7 28. Kd1 c5 29. c4 a6 30. Ne5 Rg8 31. f4 h4 32. g4 Rff8 33. h3 Bxe5 34. Rxe5 Rxf4 35. Rxe6+ Kd8 36. Rh6 Rxc4 37. Rxh4 Kc7 38. Rh7+ Kc6 39. Re6+ Kd5 40. Rb6 Ke4 41. Rbxb7 Rf8 42. Rhe7+ Kd3 43. Rb3+ Kd4 44. Ree3 Rf1+ 45. Ke2 Rcc1 46. Rbd3+ Kc4 47. Rc3+ Kd4 48. Rxc1 Rxc1 49. Rd3+ Ke4 50. Rc3 Rh1 51. Kf2 Rh2+ 52. Kg3 Rxb2 53. Rxc5 Rxa2 54. g5 Ra1 55. Kh4 1-0

[Event "World ol U16 09th"]
[Site "Burdur"]
[Date "2010.11.27"]
[Round "1"]
[White "Atabayev, Yusup"]
[Black "Foster, James M"]
[Result "1-0"]
[WhiteElo "2295"]
[BlackElo "1953"]
[PlyCount "93"]
[EventDate "2010.11.27"]
[EventType "team-swiss"]
[EventRounds "10"]
[EventCountry "TUR"]
[SourceTitle "CBM 139 Extra"]
[Source "ChessBase"]
[SourceDate "2011.01.05"]
[SourceVersion "1"]
[SourceVersionDate "2011.01.05"]
[SourceQuality "1"]
[WhiteTeam "Turkmenistan"]
[BlackTeam "England"]
[WhiteTeamCountry "TKM"]
[BlackTeamCountry "ENG"]

1. e4 e6 2. d4 d5 3. Nc3 Nf6 4. e5 Nfd7 5. Nf3 c5 6. dxc5 Bxc5 7. Bd3 Nc6 8. Bf4 h6 9. Bg3 a6 10. 0-0 0-0 11. a3 b5 12. Qd2 Qc7 13. Rfe1 Nb6 14. Nd1 b4 15. axb4 Nxb4 16. Bf1 a5 17. c3 Nc6 18. Bd3 Nc4 19. Qc1 Ne7 20. b3 Nb6 21. Nb2 Bd7 22. Qd2 Rfb8 23. Bc2 Nbc8 24. Rec1 Bb5 25. Nd3 Bb6 26. Nf4 Qd7 27. Nh5 Ng6 28. Bf4 Nxf4 29. Qxf4 Qe7 30. Qg4 Qf8 31. c4 dxc4 32. Qe4 g6 33. bxc4 Be8 34. Nf6+ Kh8 35. Qf4 Ne7 36. Be4 Ra7 37. c5 Bc7 38. Rab1 a4 39. Rxb8 Bxb8 40. Nxe8 a3 41. Nd6 Nf5 42. Bxf5 exf5 43. Qc4 a2 44. Ra1 Bxd6 45. exd6 Qb8 46. Qd4+ Kg8 47. h3 1-0

[Event "Uxbridge op"]
[Site "London"]
[Date "2010.10.28"]
[Round "8"]
[White "Foster, James M"]
[Black "Shaw, Peter"]
[Result "1-0"]
[WhiteElo "1961"]
[BlackElo "2164"]
[PlyCount "83"]
[EventDate "2010.10.24"]
[EventType "swiss"]
[EventRounds "9"]
[EventCountry "ENG"]
[SourceTitle "EXT 2011"]
[Source "ChessBase"]
[SourceDate "2010.11.26"]
[SourceVersion "1"]
[SourceVersionDate "2010.11.26"]
[SourceQuality "1"]

1. e4 c6 2. d4 d5 3. e5 Bf5 4. Ne2 e6 5. Ng3 Bg6 6. h4 h5 7. Bd3 Bxd3 8. Qxd3 Be7 9. Qf3 g6 10. Qf4 c5 11. dxc5 Bxc5 12. Nd2 Nc6 13. 0-0 Nh6 14. c4 Ng4 15. cxd5 Qxd5 16. Nde4 Ncxe5 17. Nxc5 Qxc5 18. Ne4 Qe7 19. f3 Nd3 20. Nd6+ Kf8 21. Qd4 Nge5 22. Rd1 f6 23. Bg5 Kg7 24. f4 Nc6 25. Qxd3 fxg5 26. fxg5 Rad8 27. Rd2 e5 28. Rf1 Nd4 29. Rf7+ Qxf7 30. Nxf7 Kxf7 31. Qe4 Rhe8 32. Rf2+ Nf5 33. Qxb7+ Re7 34. Qa6 Re6 35. Qxa7+ Kg8 36. Qa4 e4 37. Qc4 Rdd6 38. Qc8+ Kg7 39. Rc2 e3 40. Rc7+ Re7 41. Rxe7+ Nxe7 42. Qc3+ 1-0

[Event "Uxbridge op"]
[Site "London"]
[Date "2010.10.25"]
[Round "2"]
[White "Smith, Andrew Philip"]
[Black "Foster, James M"]
[Result "1-0"]
[WhiteElo "2190"]
[BlackElo "1961"]
[PlyCount "101"]
[EventDate "2010.10.24"]
[EventType "swiss"]
[EventRounds "9"]
[EventCountry "ENG"]
[SourceTitle "EXT 2011"]
[Source "ChessBase"]
[SourceDate "2010.11.26"]
[SourceVersion "1"]
[SourceVersionDate "2010.11.26"]
[SourceQuality "1"]

1. e4 e6 2. d4 d5 3. e5 c5 4. Qg4 Nc6 5. Nf3 cxd4 6. Bd3 Nge7 7. 0-0 Ng6 8. Re1 Bc5 9. h4 f5 10. Qg3 Qc7 11. h5 Nf8 12. a3 g6 13. b4 Bb6 14. h6 Bd7 15. Bg5 Qc8 16. Bf6 Rg8 17. Nbd2 Bd8 18. Ng5 Qc7 19. Bg7 Bxg5 20. Qxg5 Nd8 21. Nf3 Nf7 22. Qh4 Qb6 23. Bf6 Bc6 24. Rad1 a5 25. b5 Bd7 26. a4 Rc8 27. Rd2 Rc3 28. Bf1 Ra3 29. Nxd4 Rxa4 30. c3 g5 31. Qh5 Rg6 32. Bg7 Qc5 33. Rc1 Ra3 34. c4 Ra4 35. Qd1 Rb4 36. cxd5 Qxd5 37. Nxf5 Qb3 38. Rxd7 Nxd7 39. Rc8+ Nd8 40. Bf6 Rxf6 41. Nd6+ Ke7 42. exf6+ Nxf6 43. Nf5+ exf5 44. Qxd8+ Ke6 45. Rc7 Nd5 46. Qe8+ Kd6 47. Rxh7 a4 48. Qf8+ Ke5 49. Rf7 Qb1 50. h7 Rh4 51. h8Q+ 1-0

[Event "Uxbridge e2e4 Autumn Challengers-D"]
[Site "Uxbridge"]
[Date "2010.08.15"]
[Round "8"]
[White "Healeas, Simon"]
[Black "Foster, James M"]
[Result "0-1"]
[WhiteElo "1840"]
[BlackElo "1924"]
[PlyCount "92"]
[EventDate "2010.08.11"]
[EventType "tourn"]
[EventRounds "9"]
[EventCountry "ENG"]
[SourceTitle "CBM 137 Extra"]
[Source "ChessBase"]
[SourceDate "2010.09.01"]
[SourceVersion "1"]
[SourceVersionDate "2010.09.01"]
[SourceQuality "1"]

1. d4 d5 2. Nf3 c5 3. e3 Bg4 4. Be2 Nf6 5. Ne5 Bxe2 6. Qxe2 Nc6 7. c3 Nxe5 8. dxe5 Nd7 9. f4 e6 10. 0-0 f6 11. exf6 Nxf6 12. Nd2 Be7 13. Qb5+ Qd7 14. Qxd7+ Nxd7 15. e4 d4 16. e5 Nb6 17. cxd4 cxd4 18. Ne4 0-0 19. b3 Nd5 20. g3 Nc3 21. Nxc3 dxc3 22. Be3 b5 23. Rfd1 Rfd8 24. Rxd8+ Rxd8 25. Rc1 b4 26. Rc2 Rd3 27. Kf2 a5 28. Ke2 Rd5 29. Bb6 Bd8 30. Ba7 Kf7 31. Be3 Kg6 32. Kf3 Rd1 33. Bc1 Bb6 34. g4 h5 35. gxh5+ Kxh5 36. Ke4 g6 37. Kf3 Kh4 38. Kg2 Rd3 39. f5 gxf5 40. Bf4 Kg4 41. Bh6 f4 42. h3+ Kf5 43. Kf1 Kxe5 44. Re2+ Kf5 45. Bg7 Rd1+ 46. Kg2 Rg1+ 0-1

[Event "South Wales op 7th"]
[Site "Treforest"]
[Date "2010.07.13"]
[Round "6"]
[White "Kett, Timothy"]
[Black "Foster, James M"]
[Result "1-0"]
[WhiteElo "2222"]
[BlackElo "1924"]
[PlyCount "79"]
[EventDate "2010.07.10"]
[EventType "swiss"]
[EventRounds "9"]
[EventCountry "WLS"]
[SourceTitle "CBM 137 Extra"]
[Source "ChessBase"]
[SourceDate "2010.09.01"]
[SourceVersion "1"]
[SourceVersionDate "2010.09.01"]
[SourceQuality "1"]

1. e4 e6 2. d4 d5 3. Nc3 Nf6 4. Bg5 Be7 5. e5 Nfd7 6. Bxe7 Qxe7 7. f4 a6 8. Nf3 c5 9. dxc5 Qxc5 10. Qd2 Nc6 11. 0-0-0 b5 12. Kb1 0-0 13. Bd3 h6 14. Rhe1 Nb6 15. Ne2 Nc4 16. Bxc4 bxc4 17. c3 a5 18. Ned4 Ne7 19. g4 Ra6 20. h4 Bd7 21. Ka1 Rb8 22. h5 Rab6 23. Rb1 Qc8 24. g5 Nf5 25. Rg1 Qe8 26. Nxf5 exf5 27. Nd4 g6 28. gxh6 Kh7 29. hxg6+ fxg6 30. Nf3 Be6 31. Rh1 R8b7 32. Qd4 Qa4 33. Ng5+ Kh8 34. Nxe6 Rxe6 35. Qxd5 Reb6 36. h7 Rb8 37. e6 R6b7 38. Qe5+ Rg7 39. Qxb8+ Rg8 40. Qxg8# 1-0

[Event "South Wales op 7th"]
[Site "Treforest"]
[Date "2010.07.11"]
[Round "2"]
[White "Jones, Jeremy"]
[Black "Foster, James M"]
[Result "0-1"]
[WhiteElo "1585"]
[BlackElo "1924"]
[PlyCount "74"]
[EventDate "2010.07.10"]
[EventType "swiss"]
[EventRounds "9"]
[EventCountry "WLS"]
[SourceTitle "CBM 137 Extra"]
[Source "ChessBase"]
[SourceDate "2010.09.01"]
[SourceVersion "1"]
[SourceVersionDate "2010.09.01"]
[SourceQuality "1"]

1. d4 d5 2. c4 c6 3. Nf3 e6 4. Nc3 dxc4 5. a4 Bb4 6. e4 b5 7. axb5 cxb5 8. Bd2 Bxc3 9. Bxc3 a5 10. Qd2 Nf6 11. Qg5 0-0 12. e5 Nd5 13. Qxd8 Rxd8 14. Rxa5 Rxa5 15. Bxa5 Rd7 16. Be2 b4 17. Bxc4 Ra7 18. b3 Rxa5 19. 0-0 Ba6 20. Nd2 Nc6 21. Rc1 Nc3 22. Bxa6 Rxa6 23. Kf1 Nxd4 24. Ne4 Nde2 25. Re1 Ra2 26. Nxc3 Nxc3 27. g3 Rb2 28. Ra1 Rb1+ 29. Rxb1 Nxb1 30. Ke2 Nc3+ 31. Kd3 g5 32. h3 Kg7 33. Kc4 Nd5 34. Kd4 Kg6 35. Ke4 Nc3+ 36. Ke3 Kf5 37. f4 Nd5+ 0-1

[Event "BCF-chT2b 0910 (4NCL)"]
[Site "England"]
[Date "2010.02.21"]
[Round "6.8"]
[White "Foster, James M"]
[Black "Owens, Megan R"]
[Result "1/2-1/2"]
[WhiteElo "1908"]
[BlackElo "1774"]
[PlyCount "104"]
[EventDate "2009.10.24"]
[EventType "team-tourn"]
[EventRounds "11"]
[EventCountry "ENG"]
[SourceTitle "EXT 2010"]
[Source "ChessBase"]
[SourceDate "2010.11.25"]
[SourceVersion "1"]
[SourceVersionDate "2010.11.25"]
[SourceQuality "1"]
[WhiteTeam "e2e4.org.uk"]
[BlackTeam "Celtic Tigers"]
[WhiteTeamCountry "ENG"]
[BlackTeamCountry "ENG"]

1. e4 c5 2. Nf3 a6 3. c3 d5 4. exd5 Qxd5 5. d4 e6 6. c4 Qd7 7. Nc3 cxd4 8. Nxd4 Bc5 9. Be3 Nf6 10. Be2 e5 11. Nc2 Qxd1+ 12. Rxd1 Nbd7 13. Bf3 0-0 14. 0-0 Re8 15. Rfe1 Rb8 16. b4 Bxe3 17. Rxe3 Nb6 18. c5 Nc4 19. Ree1 Bf5 20. Ne4 Rbd8 21. Nxf6+ gxf6 22. Ne3 Nxe3 23. Rxe3 Rxd1+ 24. Bxd1 Rd8 25. Bb3 Rd4 26. a3 Bd7 27. f3 Bc6 28. Kf2 Kg7 29. Kg3 Rd2 30. Bc4 h5 31. Rd3 Rc2 32. Bb3 Rc1 33. Kh4 Bb5 34. Re3 Kg6 35. Bd5 Bc6 36. Bxc6 bxc6 37. Rd3 Rc4+ 38. Kg3 h4+ 39. Kh3 Rd4 40. Rb3 f5 41. a4 Kg5 42. b5 axb5 43. axb5 cxb5 44. Rxb5 Rd5 45. Rb4 Rxc5 46. Rxh4 Rc6 47. g3 Rh6 48. f4+ exf4 49. gxf4+ Kg6 50. Kg3 Rxh4 51. Kxh4 Kh6 52. Kg3 Kh5 1/2-1/2

[Event "BCF-chT3 0910 (4NCL)"]
[Site "England"]
[Date "2010.01.16"]
[Round "3.6"]
[White "Foster, James M"]
[Black "Adebajo, Olufemi"]
[Result "1-0"]
[WhiteElo "1876"]
[BlackElo "1952"]
[PlyCount "91"]
[EventDate "2009.10.24"]
[EventType "team-tourn"]
[EventRounds "11"]
[EventCountry "ENG"]
[SourceTitle "EXT 2011"]
[Source "ChessBase"]
[SourceDate "2010.11.26"]
[SourceVersion "1"]
[SourceVersionDate "2010.11.26"]
[SourceQuality "1"]
[WhiteTeam "e2e4.org.uk II"]
[BlackTeam "FCA Solutions II"]
[WhiteTeamCountry "ENG"]
[BlackTeamCountry "ENG"]

1. e4 c5 2. Nf3 Nc6 3. d4 cxd4 4. Nxd4 g6 5. c4 Bg7 6. Be3 Nf6 7. Nc3 d6 8. Be2 0-0 9. 0-0 Bd7 10. Qd2 Nxd4 11. Bxd4 Bc6 12. f3 Nd7 13. Bxg7 Kxg7 14. Qd4+ Kg8 15. b4 Qb6 16. Qxb6 Nxb6 17. b5 Bd7 18. Nd5 Nxd5 19. cxd5 Rfc8 20. Rfc1 f6 21. a4 Rc5 22. Rxc5 dxc5 23. Rc1 Rc8 24. Bc4 Kf8 25. a5 g5 26. Kf2 Ra8 27. Bd3 b6 28. Ra1 bxa5 29. Rxa5 Rb8 30. Ke2 Rb7 31. Kd2 h5 32. Kc3 h4 33. Kc4 Rc7 34. g3 hxg3 35. hxg3 e5 36. Ra6 Kf7 37. d6 Be6+ 38. Kc3 Rd7 39. Bc4 Bxc4 40. Kxc4 Ke6 41. Kxc5 Rd8 42. Rxa7 f5 43. exf5+ Kxf5 44. b6 Rc8+ 45. Rc7 Ra8 46. b7 1-0

[Event "EU-ch U16 19th"]
[Site "Fermo"]
[Date "2009.09.07"]
[Round "7"]
[White "Lortkipanidze, Nodar"]
[Black "Foster, James M"]
[Result "1-0"]
[WhiteElo "2218"]
[BlackElo "1867"]
[PlyCount "87"]
[EventDate "2009.08.31"]
[EventType "swiss"]
[EventRounds "9"]
[EventCountry "ITA"]
[SourceTitle "CBM 132 Extra"]
[Source "ChessBase"]
[SourceDate "2009.11.03"]
[SourceVersion "1"]
[SourceVersionDate "2009.11.03"]
[SourceQuality "1"]

1. e4 e6 2. Qe2 c5 3. c3 Nc6 4. g3 g6 5. Bg2 Bg7 6. f4 Nge7 7. Nf3 d6 8. 0-0 b6 9. d3 Ba6 10. f5 exf5 11. exf5 0-0 12. g4 Re8 13. Qd1 f6 14. fxg6 hxg6 15. Ne1 d5 16. Bf4 Qd7 17. Na3 Rad8 18. Rf2 Ne5 19. h3 g5 20. Bh2 N7g6 21. Nac2 Qb5 22. a4 Qxb2 23. Nb4 Qxc3 24. Nxa6 Re7 25. a5 f5 26. Rc1 Qxa5 27. gxf5 Nf4 28. Bxf4 gxf4 29. Rxf4 Qxa6 30. f6 Rf7 31. Qh5 Bxf6 32. Rxf6 Rxf6 33. Qxe5 Rg6 34. Qf5 Rdd6 35. Nf3 Qb7 36. Re1 Rdf6 37. Qh5 Qf7 38. Ng5 Rf5 39. h4 a5 40. Re7 Rgxg5 41. Re8+ Kg7 42. Qh8+ Kg6 43. Rg8+ Qg7 44. Rxg7+ 1-0

[Event "EU-ch U16 19th"]
[Site "Fermo"]
[Date "2009.09.02"]
[Round "3"]
[White "Rossi, Nicolo N"]
[Black "Foster, James M"]
[Result "0-1"]
[WhiteElo "1721"]
[BlackElo "1867"]
[PlyCount "94"]
[EventDate "2009.08.31"]
[EventType "swiss"]
[EventRounds "9"]
[EventCountry "ITA"]
[SourceTitle "CBM 132 Extra"]
[Source "ChessBase"]
[SourceDate "2009.11.03"]
[SourceVersion "1"]
[SourceVersionDate "2009.11.03"]
[SourceQuality "1"]

1. e4 e6 2. d4 d5 3. exd5 exd5 4. Nf3 Bd6 5. c4 Nf6 6. Bg5 dxc4 7. Bxc4 0-0 8. 0-0 Bf5 9. Nc3 Nbd7 10. Re1 c6 11. Qb3 Qc7 12. d5 b5 13. Be2 b4 14. dxc6 Nc5 15. Qxb4 Nd3 16. Qb5 Nxe1 17. Qxf5 Nxf3+ 18. Bxf3 Bxh2+ 19. Kh1 Be5 20. Nb5 Qe7 21. Re1 Rae8 22. Bf4 g6 23. Qd3 Qb4 24. Bd2 Qh4+ 25. Kg1 Qh2+ 26. Kf1 Qh1+ 27. Ke2 Bc3+ 28. Kd1 Rxe1+ 29. Bxe1 Qxe1+ 30. Kc2 Be5 31. Qe3 Qxe3 32. fxe3 a6 33. Nd4 Rc8 34. Kd3 Kf8 35. b4 Ke7 36. a4 Kd6 37. b5 axb5 38. axb5 Kc5 39. Be2 Bxd4 40. exd4+ Kxb5 41. Bf3 Rxc6 42. Bxc6+ Kxc6 43. Kc4 Nd5 44. Kd3 Nf4+ 45. Ke4 Nxg2 46. Ke5 h5 47. d5+ Kd7 0-1

[Event "BCF-chT3 0809 (4NCL)"]
[Site "Hinckley Island"]
[Date "2009.02.08"]
[Round "6.2"]
[White "Ward, Matthew J"]
[Black "Foster, James M"]
[Result "0-1"]
[WhiteElo "1760"]
[BlackElo "1945"]
[PlyCount "34"]
[EventDate "2008.10.18"]
[EventType "team-swiss"]
[EventRounds "11"]
[EventCountry "ENG"]
[SourceTitle "EXT 2010"]
[Source "ChessBase"]
[SourceDate "2010.11.25"]
[SourceVersion "1"]
[SourceVersionDate "2010.11.25"]
[SourceQuality "1"]
[WhiteTeam "AMCA Hippos"]
[BlackTeam "Oxford III"]
[WhiteTeamCountry "ENG"]
[BlackTeamCountry "ENG"]

1. e4 e6 2. d4 d5 3. e5 c5 4. c3 Qb6 5. a3 Nc6 6. Nf3 cxd4 7. cxd4 Nge7 8. Bd3 Bd7 9. Bc2 Ng6 10. Nc3 Be7 11. 0-0 Nh4 12. Nxh4 Bxh4 13. Na4 Qxd4 14. Qe2 Qxe5 15. Qg4 Qd4 16. Qf3 Ne5 17. Qe2 Bxa4 0-1

[Event "BCF-chT4 0708 (4NCL)"]
[Site "England"]
[Date "2008.03.15"]
[Round "7.5"]
[White "Adebajo, Olufemi"]
[Black "Foster, James M"]
[Result "0-1"]
[WhiteElo "2029"]
[BlackElo "1770"]
[PlyCount "112"]
[EventDate "2007.09.15"]
[EventType "team-swiss"]
[EventRounds "11"]
[EventCountry "ENG"]
[SourceTitle "EXT 2009"]
[Source "ChessBase"]
[SourceDate "2008.11.26"]
[SourceVersion "1"]
[SourceVersionDate "2008.11.26"]
[SourceQuality "1"]
[WhiteTeam "FCA Solutions II"]
[BlackTeam "Oxford III"]
[WhiteTeamCountry "ENG"]
[BlackTeamCountry "ENG"]

1. Nf3 d5 2. g3 c5 3. Bg2 Nc6 4. b3 Nf6 5. Bb2 e6 6. 0-0 Be7 7. d3 0-0 8. Nbd2 b6 9. c4 Bb7 10. Re1 Re8 11. Qc2 Qd7 12. Rad1 d4 13. Nf1 e5 14. h3 e4 15. dxe4 Nb4 16. Qb1 Bxe4 17. Ne5 Qf5 18. Bxe4 Nxe4 19. Nf3 Bf6 20. Kg2 Rad8 21. a3 Nc6 22. N1h2 Na5 23. Ba1 Qc8 24. Ng4 Qc6 25. Nxf6+ Nxf6 26. Qd3 Qe4 27. b4 Qxd3 28. exd3 Nc6 29. b5 Ne7 30. Bb2 Ng6 31. Bc1 h6 32. Bd2 Nd7 33. Rxe8+ Rxe8 34. Re1 Rxe1 35. Nxe1 Kf8 36. f4 Ke7 37. Kf3 f5 38. a4 Kf6 39. a5 Ne7 40. Nc2 Nc8 41. a6 Nd6 42. Bc1 Kg6 43. Bb2 Kh5 44. Ba3 Nf7 45. Ne1 g5 46. Bc1 Nd6 47. Kf2 g4 48. Kg2 Nf6 49. h4 Kg6 50. Ba3 Kf7 51. Bxc5 bxc5 52. b6 Nd7 53. bxa7 Nb6 54. Nc2 Ndc8 55. Nxd4 cxd4 56. c5 Na8 0-1

[Event "Guernsey Holiday op 33rd"]
[Site "Guernsey"]
[Date "2007.10.27"]
[Round "7"]
[White "Timmerman, Peter"]
[Black "Foster, James M"]
[Result "0-1"]
[WhiteElo "1589"]
[BlackElo "1432"]
[PlyCount "44"]
[EventDate "2007.10.21"]
[EventType "swiss"]
[EventRounds "7"]
[EventCountry "GCI"]
[SourceTitle "EXT 2022"]
[Source "ChessBase"]
[SourceDate "2021.10.06"]
[SourceVersion "1"]
[SourceVersionDate "2021.10.06"]
[SourceQuality "1"]

1. e4 e6 2. d4 d5 3. exd5 exd5 4. Nc3 Nf6 5. Nf3 c6 6. Be2 Bd6 7. Bg5 Be6 8. Ne5 Qc7 9. f4 Nbd7 10. Qd3 0-0-0 11. 0-0-0 Rde8 12. h3 Ne4 13. Bh4 f6 14. Ng4 Bxf4+ 15. Kb1 Bf5 16. Nxe4 Bxe4 17. Qa3 Kb8 18. Bf3 f5 19. Bxe4 Rxe4 20. Nf2 Bd6 21. Nxe4 Bxa3 22. Rd3 dxe4 0-1

[Event "Guernsey Holiday op 33rd"]
[Site "Guernsey"]
[Date "2007.10.26"]
[Round "6"]
[White "Foster, James M"]
[Black "Ruigrok, Jacques"]
[Result "0-1"]
[WhiteElo "1432"]
[BlackElo "1709"]
[PlyCount "68"]
[EventDate "2007.10.21"]
[EventType "swiss"]
[EventRounds "7"]
[EventCountry "GCI"]
[SourceTitle "EXT 2022"]
[Source "ChessBase"]
[SourceDate "2021.10.06"]
[SourceVersion "1"]
[SourceVersionDate "2021.10.06"]
[SourceQuality "1"]

1. e4 e5 2. Nf3 Nf6 3. Nxe5 d6 4. Nf3 Nxe4 5. Nc3 Nxc3 6. dxc3 Be7 7. Be2 0-0 8. c4 Nc6 9. 0-0 Bf5 10. Bf4 Bf6 11. c3 Re8 12. Nd4 Bxd4 13. cxd4 Nxd4 14. Qxd4 Rxe2 15. Be3 Qe7 16. b3 Qe4 17. Qd1 Qd3 18. Qc1 Rc2 19. Qa3 Qe4 20. Rfe1 a6 21. Rad1 Re8 22. Qa5 Bd7 23. Bd4 Re2 24. Rf1 Bc6 25. Qg5 Qg6 26. Qxg6 hxg6 27. a4 Be4 28. b4 Bc2 29. Ra1 Bb3 30. c5 R8e4 31. Ra3 Bxa4 32. Rxa4 Rxd4 33. cxd6 Rxd6 34. Rb1 Rdd2 0-1

[Event "Guernsey Holiday op 33rd"]
[Site "Guernsey"]
[Date "2007.10.25"]
[Round "5"]
[White "O'Connor, J."]
[Black "Foster, James M"]
[Result "0-1"]
[WhiteElo "1591"]
[BlackElo "1432"]
[PlyCount "48"]
[EventDate "2007.10.21"]
[EventType "swiss"]
[EventRounds "7"]
[EventCountry "GCI"]
[SourceTitle "EXT 2022"]
[Source "ChessBase"]
[SourceDate "2021.10.06"]
[SourceVersion "1"]
[SourceVersionDate "2021.10.06"]
[SourceQuality "1"]

1. e4 e6 2. d4 d5 3. exd5 exd5 4. Nf3 Bd6 5. Bd3 Nf6 6. 0-0 0-0 7. Re1 c6 8. Bg5 Bg4 9. Nbd2 Nbd7 10. h3 Bh5 11. g4 Bg6 12. Bxg6 fxg6 13. Ne5 Qc7 14. f4 Rae8 15. Qf3 Qb6 16. Nb3 Nxe5 17. fxe5 Bxe5 18. c3 Ne4 19. Qe3 Bg3 20. Rf1 Rf2 21. Rae1 Ref8 22. Qxg3 Rxf1+ 23. Rxf1 Rxf1+ 24. Kxf1 Nxg3+ 0-1